The Iroquois Eagle dance : an offshoot of the Calumet dance
Αποθηκεύτηκε σε:
| Κύριος συγγραφέας: | |
|---|---|
| Μορφή: | Βιβλίο |
| Γλώσσα: | English |
| Δημοσίευση: |
Syracuse, New York :
Syracuse University Press,
c1991
|
| Σειρά: | Iroquois and their neighbors
|
| Θέματα: | |
| Ετικέτες: |
Προσθήκη ετικέτας
Δεν υπάρχουν, Καταχωρήστε ετικέτα πρώτοι!
|
MARC
| LEADER | 00000nam a2200000 i 4500 | ||
|---|---|---|---|
| 001 | 1/90482 | ||
| 008 | 990927s1991 eng d | ||
| 020 | |a 0-8156-2533-2 | ||
| 035 | |l 10053124 | ||
| 040 | |a GR-MY-UA |b gre |e aacr | ||
| 041 | 0 | |a eng | |
| 082 | 0 | |a 394.3 | |
| 100 | 1 | |a Fenton, William Nelson |d 1908- | |
| 245 | 1 | 4 | |a The Iroquois Eagle dance : |b an offshoot of the Calumet dance / |c William N. Fenton |
| 260 | |a Syracuse, New York : |b Syracuse University Press, |c c1991 | ||
| 300 | |a 324 p. | ||
| 490 | 1 | |a Iroquois and their neighbors | |
| 500 | |a Reprint. Originally published: Washington, D.C. Smithsonian Institution, Bureau of American Ethnology, 1953 | ||
| 500 | |a With an analysis of the Iroquois Eagle dance and songs by Gertrude Prokosch Kurath | ||
| 504 | |a Includes bibliographical references and index | ||
| 650 | 0 | 0 | |a Eagle dance. |
| 650 | 0 | 0 | |a Iroquois dance. |
| 650 | 0 | 0 | |a Iroquois Indians |x Rites and ceremonies. |
| 830 | 0 | |a Iroquois and their neighbors | |
| 852 | |a INST |b LESVOS |e 19990927 |h 394.3 FEN |p 005100021971 |q 005100021971 |t BK |y 0 | ||
| 901 | |a BIBL1-2000-1 | ||
| 909 | |a Λ |b 066699 | ||
| 922 | |a 1ΕΛΗ |b 199907 |c ΚΠΣ/ΤΚ |d ΠΑΠΑΣΩΤΗΡΙΟΥ | ||
| 950 | |a 103-1998-07-27 | ||
| 970 | |a ΤΖΑΦΕΡΗ |b ΕΥΑΓΓΕΛΙΑ |z 2000/02/02 | ||